Hurlbut's story of the Christian church, (Record no. 1182)
[ view plain ]
| 000 -LEADER | |
|---|---|
| fixed length control field | 00652cam a2200217u 4500 |
| 001 - CONTROL NUMBER | |
| control field | 9184958 |
| 003 - CONTROL NUMBER IDENTIFIER | |
| control field | GBCCL |
| 005 - DATE AND TIME OF LATEST TRANSACTION | |
| control field | 20241126110355.0 |
| 008 - FIXED-LENGTH DATA ELEMENTS--GENERAL INFORMATION | |
| fixed length control field | 821001s1918 paucf 000 0 eng |
| 010 ## - | |
| -- | 18018980 |
| 040 ## - CATALOGING SOURCE | |
| Original cataloging agency | DLC |
| Transcribing agency | CarP |
| Modifying agency | DLC |
| 050 00 - | |
| -- | BR146 |
| -- | .H65 |
| 082 ## - DEWEY DECIMAL CLASSIFICATION NUMBER | |
| Classification number | 270 |
| Item number | HUR |
| 100 1# - MAIN ENTRY--PERSONAL NAME | |
| Personal name | Hurlbut, Jesse Lyman, |
| Dates associated with a name | 1843-1930. |
| 9 (RLIN) | 2175 |
| 245 10 - TITLE STATEMENT | |
| Title | Hurlbut's story of the Christian church, |
| 260 ## - PUBLICATION, DISTRIBUTION, ETC. | |
| Place of publication, distribution, etc. | Philadelphia, |
| -- | Chicago, |
| Name of publisher, distributor, etc. | The John C. Winston company, |
| Date of publication, distribution, etc. | 1918. |
| 300 ## - PHYSICAL DESCRIPTION | |
| Extent | 251 p. |
| Other physical details | front., plates, ports. |
| Dimensions | 20 cm. |
| 650 #0 - SUBJECT ADDED ENTRY--TOPICAL TERM | |
| Topical term or geographic name entry element | Church history. |
| 9 (RLIN) | 117 |
| 906 ## - LOCAL DATA ELEMENT F, LDF (RLIN) | |
| a | 0 |
| b | cbc |
| c | premunv |
| d | u |
| e | ncip |
| f | 19 |
| g | y-gencatlg |
| 942 ## - ADDED ENTRY ELEMENTS (KOHA) | |
| Source of classification or shelving scheme | Dewey Decimal Classification |
| Koha item type | Books |
| Koha issues (borrowed), all copies | 4 |
| Withdrawn status | Lost status | Source of classification or shelving scheme | Damaged status | Not for loan | Home library | Current Library | Shelving location | Date acquired | Total checkouts | Total renewals | Full call number | Barcode | Date last seen | Date last checked out | Copy number | Price effective from | Koha item type |
|---|---|---|---|---|---|---|---|---|---|---|---|---|---|---|---|---|---|
| Dewey Decimal Classification | GRACE BIBLE COLLEGE | GRACE BIBLE COLLEGE | Church History | 2017-04-20 | 4 | 2 | 270 HUR | 013287 | 2025-05-01 | 2019-03-01 | c.1 | 2017-04-20 | Books |